BIA - Les instruments (par image) - Statistiques

Statistiques générales
  • Ce quiz a été pris 58 fois
  • Le résultat moyen est 4 sur 8
Statistiques - réponses
Par images Réponse % Correct
Altimètre
83%
Anémomètre
71%
Horizon artificiel
68%
Indicateur de virage | Bille
44%
Transpondeur
34%
Compas magnétique
32%
Variomètre
32%
Directionnel | Conservateur de cap
22%
Aucun quiz correspondant
Distribution des résultats
% des personnes avec chaque résultat
Percentile par nombre de réponses
Votre historique - résultats
Vous n’avez pas pris ce quiz